1820 1278 1856 1060 1605 1396 1630 1087 1967 1861 1909 1348 1754 1211 1063 1769 1319 1275 1872 1108 1465 1772 1951 1938 1441 1477 1624 1355 1108 1661 1903 1054 1477 1397 1665 1826 1008 1225 1457 1876 1962 1248 1177 1965 1171 1457 1055 1295 1841 1883 1197 1635 1306 1165 1023 1662 1394 1572 1514 1858 1162 1759 1826 1752 1747 1171 1342 1149 1667 1411 1356 1676 1984 1322 1785 1182 1494 1165 1996 1987 1551 1685 1965 1541 1149 1322 1025 1256 1246 1507 1758 1980 1631 1572 1062 1367 1716 1506 1888 BCNSPRNW ULIB Ver.6.0+V

เปลี่ยนเป็นภาษาไทย

Change to English
 แสดงรายละเอียดบรรณานุกรม
  กลับหน้าหลัก

Brief Record : Get Marc (ISO 2709) : E-mail record : QR code < ปิดหน้าต่าง
LEADER : 00000nas 2200000uu 4500
001    13399124684
003     ULIB
008    151225s||||||||th 000 0 tha d
022 0  2287-0946
110 1  โรงพยาบาลจิตเวชนครราชสีมาราชนครินทร์
245 00 วารสารสุขภาพจิตชุมชนแห่งประเทศไทย
310    ^aราย 6 เดือน
850 ^a ULIB^bปีที่ 1 ฉบับที่ 2 ฉ.1
945    ^p0^l0^i903493
999    ^aเกษร โพธิ์สุวรรณ
รายการนี้ยังไม่มีแท็ก
คุณยังไม่ได้ล็อกอิน คุณสามารถมีกิจกรรมร่วมกับเว็บไซต์ได้ แต่ต้องล็อกอินก่อน ::
  ล็อกอิน

รายการสื่อสารสนเทศ (วารสาร)

ดูแบบ: กล่อง รายการ
ARRIVED
ปีที่ 1 ฉบับที่ 2 ฉ.1
สถานที่: ห้องสมุดวิทยาเขตสวรรค์ประชารักษ์ >วารสาร

BibComment


ยังไม่เคยถูกคอมเมนท์

คอมเมนท์ทรัพยากรรายการนี้
  คอมเมนท์: วารสารสุขภาพจิตชุ..


 Copyright 2026. Bcnsprnw @Library